000 00953nam a2200253Ia 4500
003 OSt
005 20221005112634.0
006 a|||||r|||| 00| 0
007 ta
008 221004b |||||||| |||| 00| 0 pan d
020 _a9789380427364 (hbk)
_c150
024 _a2099
037 _b174, 18/12/2012, Orange Books International
_cTextual
040 _aCRL
_cCRL
_bpan
041 _2pan
_apan
082 _aO153,2:g, Q2
100 _aਰੁਮਿੰਦਰ ਕੌਰ, ਥਦ.
245 0 _aਸਮਕਾਲੀਨ ਪੰਜਾਬੀ ਨਾਟਕ ਤੇ ਰੰਗਮੰਚ
_b ਦFਾ ਤੇ ਦਿFਾ
260 _aਜਲੰਧਰ
_bਸੁੰਦਰ ਬੱੁਕ ਡਿਪੋ ਭਾਰਤ
_c2012
300 _a134ਪੰ
_ccm.
650 _aਪੰਜਾਬੀ ਸਾਹਿਤ
942 _hO153,2:g, Q2
_cTEXL
_2cc
999 _c1025483
_d1025483